My first English words book : (Record no. 8635)

MARC details
000 -LEADER
fixed length control field 00670nam a22002177a 4500
001 - CONTROL NUMBER
control field 8635
003 - CONTROL NUMBER IDENTIFIER
control field FISKH
005 - DATE AND TIME OF LATEST TRANSACTION
control field 20251007111641.0
008 - FIXED-LENGTH DATA ELEMENTS--GENERAL INFORMATION
fixed length control field 251007b cb ||||| |||| 00| 0 eng d
020 ## - INTERNATIONAL STANDARD BOOK NUMBER
International Standard Book Number 9787894310415
040 ## - CATALOGING SOURCE
Original cataloging agency FISKH
Language of cataloging eng
Transcribing agency FISKH
Modifying agency FISKH
050 ## - LIBRARY OF CONGRESS CALL NUMBER
Classification number PZ7
082 ## - DEWEY DECIMAL CLASSIFICATION NUMBER
Classification number 372.65
100 ## - MAIN ENTRY--PERSONAL NAME
Personal name Jiaju, Yao
245 ## - TITLE STATEMENT
Title My first English words book :
Remainder of title Nearly 500 basic words, helpful and fun categories, kid-friendly illustrations and design, a word list for quick reference /
260 ## - PUBLICATION, DISTRIBUTION, ETC.
Place of publication, distribution, etc. Shanghai :
Name of publisher, distributor, etc. Ikucul,
300 ## - PHYSICAL DESCRIPTION
Extent 52 unnumbered pages :
Other physical details color illustrations ;
Dimensions 31 cm
650 ## - SUBJECT ADDED ENTRY--TOPICAL TERM
Topical term or geographic name entry element Dictionary
942 ## - ADDED ENTRY ELEMENTS (KOHA)
Source of classification or shelving scheme Dewey Decimal Classification
Koha item type Books
Suppress in OPAC No
Holdings
Withdrawn status Lost status Source of classification or shelving scheme Damaged status Not for loan Collection Home library Current library Shelving location Date acquired Total Checkouts Full call number Barcode Date last seen Copy number Price effective from Koha item type
    Dewey Decimal Classification     Reference Footprints International School Library Network Toul Kork Campus Footprints International School Library Network Toul Kork Campus TK Primary Library Room(4th Floor), Bookcase 7, Shelves 57-60, Dark Green Books 10/07/2025   JIA 372.65 PZ7 2025-4490 10/07/2025 1 10/07/2025 Books